Los resultados escolares: diagnóstico del Sistema Educativo, 1997

Zapisane w:
Opis bibliograficzny
organizacja autorów: INCE (Autor), Instituto Nacional de Calidad y Evaluación (Autor)
Format: Książka
Język:hiszpański
Wydane: Madrid Ministerio de Educación y Cultura 1998
Wydanie:1a. ed
Hasła przedmiotowe:
Etykiety: Dodaj etykietę
Nie ma etykietki, Dołącz pierwszą etykiete!

MARC

LEADER 00000nam a2200000 a 4500
001 UCJ0917
003 CL-VaPUC
008 060914e19980000SP |||||||||||||||||spa|d
020 |a 8436931106 
082 0 4 |a 371.26  |b INC  |2 21 
110 2 |a INCE  |e author  |9 501365 
710 2 |a Instituto Nacional de Calidad y Evaluación  |e author  |9 501366 
245 1 4 |a Los resultados escolares: diagnóstico del Sistema Educativo, 1997 
250 |a 1a. ed 
300 |a 223 p 
942 |c BK 
945 |d 20060914 00:00:00  |a cmena 
260 |a Madrid  |b Ministerio de Educación y Cultura  |c 1998 
650 0 |a Evaluación de la educación   |9 237505 
650 0 |a Rendimiento escolar  |9 330254 
650 0 |a Formación profesional de profesores  |9 307493 
650 0 |a Planificación del currículo  |9 269599 
583 |a last modification  |c 20140409 03:39:35  |k Rodrigo Vera 
999 |c 317656  |d 317654 
952 |0 0  |1 0  |4 0  |6 371_260000000000000_INC_1998  |7 0  |8 A  |9 394283  |a BIBEDU  |b BIBEDU  |d 2019-11-22  |i 4265033  |o 371.26 INC 1998  |p 4265033  |r 2019-11-22  |w 2019-11-22  |y BK  |k EBA